Global Communication and International Relations

Gespeichert in:
Bibliographische Detailangaben
1. Verfasser: Frederick, Howard H.
Format: Buch
Sprache:Englisch
Veröffentlicht: Belmont Wadsworth Publ. Co. 1993
Ausgabe:1. ed.
Schlagworte:
Tags: Tag hinzufügen
Keine Tags, Fügen Sie das erste Tag hinzu!

MARC

LEADER 00000nam a2200000 4500
001 c021170
005 20221206074510.7
020 |a 0-534-19344-7 
041 0 |a eng 
044 |a US 
245 1 0 |a Global Communication and International Relations  |c Howard H. Frederick 
250 |a 1. ed. 
264 1 |a Belmont  |b Wadsworth Publ. Co.  |c 1993 
300 |a 287 s. 
610 2 0 |a komunikácia 
610 2 0 |a informácie 
610 2 0 |a systémy informačné medzinárodné 
610 2 0 |a médiá 
610 2 0 |a vzťahy politické medzinárodné 
610 2 0 |a história 
610 2 0 |a vojny 
610 2 0 |a zákony 
100 1 |a Frederick, Howard H.